<?xml version="1.0" encoding="UTF-8"?>
<collection xmlns="http://www.loc.gov/MARC21/slim">
 <record>
  <leader>01489nam a2200217Ia 4500</leader>
  <controlfield tag="001">CTU_162381</controlfield>
  <controlfield tag="008">210402s9999    xx            000 0 und d</controlfield>
  <datafield tag="020" ind1=" " ind2=" ">
   <subfield code="c">24.95</subfield>
  </datafield>
  <datafield tag="082" ind1=" " ind2=" ">
   <subfield code="a">355.33041</subfield>
  </datafield>
  <datafield tag="082" ind1=" " ind2=" ">
   <subfield code="b">A969</subfield>
  </datafield>
  <datafield tag="100" ind1=" " ind2=" ">
   <subfield code="a">Axelrod, Alan</subfield>
  </datafield>
  <datafield tag="245" ind1=" " ind2="0">
   <subfield code="a">Eisenhower on leadership :</subfield>
  </datafield>
  <datafield tag="245" ind1=" " ind2="0">
   <subfield code="b">Ike's enduring lessons in total victory management</subfield>
  </datafield>
  <datafield tag="245" ind1=" " ind2="0">
   <subfield code="c">Alan Axelrod</subfield>
  </datafield>
  <datafield tag="260" ind1=" " ind2=" ">
   <subfield code="a">San Francisco, CA</subfield>
  </datafield>
  <datafield tag="260" ind1=" " ind2=" ">
   <subfield code="b">Jossey-Bass</subfield>
  </datafield>
  <datafield tag="260" ind1=" " ind2=" ">
   <subfield code="c">2006</subfield>
  </datafield>
  <datafield tag="520" ind1=" " ind2=" ">
   <subfield code="a">While Osama Bin Laden on Leadership has not yet turned up, it seems every other historical figure has graced the title of a management self-help book. Veteran business writer Axelrod (Patton on Leadership) follows the genre's common pattern, delivering a brief, adulatory biography of his hero before moving chronologically through WWII. Plucking passages from Eisenhower's writings, he offers short homilies on effective management. Readers will learn that they must &quot;Refuse to Consider Failure,&quot; &quot;Use Human Resources Wisely,&quot; &quot;Preach Simplicity,&quot; &quot;Practice Simplicity&quot; and &quot;Look Beyond Ego to Focus on Issues.&quot; Learning from mistakes is not one of the messages because, in Axelrod's account, Eisenhower never made one. The author never attempts the incisive analysis that management authorities like Peter Drucker do, but his lessons ring true, and he dispenses them in lively, cheerful prose.</subfield>
  </datafield>
  <datafield tag="650" ind1=" " ind2=" ">
   <subfield code="a">Leadership,Management</subfield>
  </datafield>
  <datafield tag="904" ind1=" " ind2=" ">
   <subfield code="i">DTH.Trang, Giang</subfield>
  </datafield>
  <datafield tag="980" ind1=" " ind2=" ">
   <subfield code="a">Trung tâm Học liệu Trường Đại học Cần Thơ</subfield>
  </datafield>
 </record>
</collection>
